| 000 | 00424nam a22001577a 4500 | ||
|---|---|---|---|
| 020 | _a9789332542099 | ||
| 040 | _cNUST | ||
| 082 | _a620.00151 BAN | ||
| 100 |
_aBansal, Raj Kumar _982836 |
||
| 110 |
_aGoel, Ashok Kumar. Sharma, Manoj Kumar _9112184 |
||
| 245 |
_aMATLAB _band Its Applications in Engineering |
||
| 250 | _a2nd edition | ||
| 260 |
_aIndia _bPearson _c2016 |
||
| 650 |
_aMATLAB _994870 |
||
| 942 |
_2ddc _cBK |
||
| 999 |
_c593460 _d593460 |
||